<?xml version="1.0" encoding="UTF-8"?>
<record
    xmlns:xsi="http://www.w3.org/2001/XMLSchema-instance"
    xsi:schemaLocation="http://www.loc.gov/MARC21/slim http://www.loc.gov/standards/marcxml/schema/MARC21slim.xsd"
    xmlns="http://www.loc.gov/MARC21/slim">

  <leader>01680nam a22003737a 4500</leader>
  <controlfield tag="001">BRCA_9378</controlfield>
  <controlfield tag="003">FranzMayer</controlfield>
  <controlfield tag="005">20230918123944.0</controlfield>
  <controlfield tag="008">230901b        |||||||| |||| 00| 0 eng d</controlfield>
  <datafield tag="020" ind1=" " ind2=" ">
    <subfield code="a">0847822540</subfield>
  </datafield>
  <datafield tag="040" ind1=" " ind2=" ">
    <subfield code="a">MFM</subfield>
    <subfield code="b">espa&#xF1;ol</subfield>
    <subfield code="c">MFM</subfield>
  </datafield>
  <datafield tag="050" ind1=" " ind2="0">
    <subfield code="a">NK3430</subfield>
    <subfield code="b">L33 2000</subfield>
  </datafield>
  <datafield tag="110" ind1="1" ind2=" ">
    <subfield code="4">Responsable</subfield>
    <subfield code="a">Lacma</subfield>
    <subfield code="9">29418</subfield>
  </datafield>
  <datafield tag="240" ind1=" " ind2=" ">
    <subfield code="a">Color and Fire. Defining Moments in Studio Ceramics, 1950-2000.</subfield>
    <subfield code="h">Selections from the Smiths Collection and Related Work at the Los Angeles County Museum of Art</subfield>
    <subfield code="l">English</subfield>
  </datafield>
  <datafield tag="245" ind1="0" ind2=" ">
    <subfield code="a">Color and Fire. Defining Moments in Studio Ceramics, 1950-2000.</subfield>
    <subfield code="b">Selections from the Smiths Collection and Related Work at the Los Angeles County Museum of Art</subfield>
  </datafield>
  <datafield tag="260" ind1=" " ind2=" ">
    <subfield code="a">Los Angeles, EE.UU.</subfield>
    <subfield code="b">Los Angeles County Museum of Art</subfield>
    <subfield code="c">2000</subfield>
  </datafield>
  <datafield tag="300" ind1=" " ind2=" ">
    <subfield code="a">251 p</subfield>
    <subfield code="b">Ilustraciones a color</subfield>
    <subfield code="c">27 cm</subfield>
  </datafield>
  <datafield tag="500" ind1=" " ind2=" ">
    <subfield code="a">Anexo 1</subfield>
  </datafield>
  <datafield tag="500" ind1=" " ind2=" ">
    <subfield code="a">El libro se encuentra en tapa dura, con una sobrecubierta exterior.</subfield>
  </datafield>
  <datafield tag="505" ind1=" " ind2=" ">
    <subfield code="a">Texto en: ingl&#xE9;sIncluye &#xED;ndice tem&#xE1;ticoIncluye bibliograf&#xED;aDirigido a: artistas, artesanos e historiadores de arte.</subfield>
  </datafield>
  <datafield tag="650" ind1="1" ind2=" ">
    <subfield code="2">Artes decorativas</subfield>
    <subfield code="a">Artes industriales</subfield>
    <subfield code="b">Cer&#xE1;mica</subfield>
    <subfield code="9">29419</subfield>
  </datafield>
  <datafield tag="651" ind1="2" ind2=" ">
    <subfield code="2">Historia dela cer&#xE1;mica</subfield>
    <subfield code="a">Siglo XX</subfield>
    <subfield code="v">1950-2000</subfield>
    <subfield code="9">29420</subfield>
  </datafield>
  <datafield tag="700" ind1="1" ind2=" ">
    <subfield code="4">Responsable</subfield>
    <subfield code="a">Lauria, Jo</subfield>
    <subfield code="9">29421</subfield>
  </datafield>
  <datafield tag="700" ind1="1" ind2=" ">
    <subfield code="4">Cont</subfield>
    <subfield code="a">Adkins, Gretchen</subfield>
    <subfield code="9">29422</subfield>
  </datafield>
  <datafield tag="700" ind1="1" ind2=" ">
    <subfield code="4">Cont</subfield>
    <subfield code="a">Clark, Garth</subfield>
    <subfield code="9">29423</subfield>
  </datafield>
  <datafield tag="700" ind1="1" ind2=" ">
    <subfield code="4">Cont</subfield>
    <subfield code="a">Niederlander, Rebecca</subfield>
    <subfield code="9">29424</subfield>
  </datafield>
  <datafield tag="700" ind1="1" ind2=" ">
    <subfield code="4">Cont</subfield>
    <subfield code="a">Peterson, Susana</subfield>
    <subfield code="9">29425</subfield>
  </datafield>
  <datafield tag="700" ind1="1" ind2=" ">
    <subfield code="4">Cont</subfield>
    <subfield code="a">Selz, Peler</subfield>
    <subfield code="9">29426</subfield>
  </datafield>
  <datafield tag="700" ind1="1" ind2=" ">
    <subfield code="4">Edit</subfield>
    <subfield code="a">Gray, Margaret</subfield>
    <subfield code="9">29427</subfield>
  </datafield>
  <datafield tag="700" ind1="1" ind2=" ">
    <subfield code="4">Dise&#xF1;ador</subfield>
    <subfield code="a">Go, Katherine</subfield>
    <subfield code="9">29428</subfield>
  </datafield>
  <datafield tag="700" ind1="1" ind2=" ">
    <subfield code="4">Fot.</subfield>
    <subfield code="a">Oliver, Steve</subfield>
    <subfield code="9">29429</subfield>
  </datafield>
  <datafield tag="700" ind1="1" ind2=" ">
    <subfield code="4">Prod.</subfield>
    <subfield code="a">Ware-Zooi, Rachel</subfield>
    <subfield code="9">29430</subfield>
  </datafield>
  <datafield tag="942" ind1=" " ind2=" ">
    <subfield code="2">lcc</subfield>
    <subfield code="c">B</subfield>
  </datafield>
  <datafield tag="999" ind1=" " ind2=" ">
    <subfield code="c">11000</subfield>
    <subfield code="d">11000</subfield>
  </datafield>
  <datafield tag="952" ind1=" " ind2=" ">
    <subfield code="0">0</subfield>
    <subfield code="1">0</subfield>
    <subfield code="2">lcc</subfield>
    <subfield code="4">0</subfield>
    <subfield code="7">0</subfield>
    <subfield code="8">FCON</subfield>
    <subfield code="a">BRCA</subfield>
    <subfield code="b">BRCA</subfield>
    <subfield code="d">2023-09-01</subfield>
    <subfield code="l">0</subfield>
    <subfield code="o">NK3430 L33 2000</subfield>
    <subfield code="p">CONT10146</subfield>
    <subfield code="r">2023-09-01 00:00:00</subfield>
    <subfield code="w">2023-09-01</subfield>
    <subfield code="y">B</subfield>
  </datafield>
</record>
